000 00343nam a2200121 a 4500
005 20141022142001.0
008 100914s19uu xx 00 eng d
050 _aDVD
_bN11 2005
100 _aNagle, Tom
245 _aDon't just set prices :
_bmanage them strategically.
260 _aCalifornia :
_bStandford University,
_c2005.
942 _cAVM
999 _c276243
_d276243